| 000 | 01167nam a2200325 i 4500 | ||
|---|---|---|---|
| 001 | 68342 | ||
| 003 | ES-MaACL | ||
| 005 | 20250729053850.0 | ||
| 007 | t| | ||
| 008 | 040622s2002 xxu ||||1| eng d | ||
| 020 | _a1-58488-256-5 | ||
| 080 | _a536.2 | ||
| 080 | _a532.5(04) | ||
| 100 | 1 |
_aNepomnyashchy, Alexander A. _eaut _985383 |
|
| 245 | 1 | 0 |
_aInterfacial phenomena and convection / _cAlexander A. Nepomnyashchy, Manuel G. Velarde, Pierre Colinet |
| 260 |
_aBoca Raton, USA : _bChapman and Hall/CRC, _c[2002] |
||
| 300 |
_aXVII, 365 páginas ; _c24 cm |
||
| 490 | 1 |
_aMonographs and surveys in pure and applied mathematics ; _v124 |
|
| 650 | 4 |
_aCalor- _xConvección _910685 |
|
| 650 | 7 |
_aCalor- _xTransmisión _9165140 |
|
| 650 | 7 |
_aMecánica de fluidos _2embne _914877 |
|
| 650 | 7 |
_aHidrodinámica _2embne _913335 |
|
| 700 | 1 |
_aGarcía Velarde, Manuel _eaut _955382 |
|
| 700 | 1 |
_aColinet, Pierre _eaut _939604 |
|
| 830 | 0 |
_aMonographs and surveys in pure and applied mathematics ; _v124 _9230942 |
|
| 852 |
_aES-MaACL _bR.133867 _cDEPO2 _jL-28022 |
||
| 942 |
_2udc _cMONOGRAFIA _n0 |
||
| 999 |
_c68342 _d68342 |
||